00389nam a22001457a 450000500170000001000130001702000230003003500130005303700180006608200120008410000220009624500730011826000310019130000210022220190511124409.0 aA-751610 a0140513248c100.00 aB-751610 bPengun Books. a780.954 aMenon, Raghava R. aThe penguin dictionary of indian classical music /cRaghava R. Menon aIndiabPengun Books.c1995 a171pc20cm (hbk)